000
00309nam a22001337a 4500
008
170725b xxu||||| |||| 00| 0 eng d
020
_a
025211440797
041
_a
eng
080
_a
004
100
_a
29
101
_a
SHKI
245
_a
ACTIVE DIRECTORY FOR WINDOWS SERVER 2003
_c
KING, R.R
942
_2
udc
_c
BK
999
_c
21841
_d
21841